[Event "Asian Nations Cup"]
[Site ""]
[Date "2016.03.28"]
[Round "1"]
[Board "2"]
[White "Al Mashikhi, Salim Aliyan"]
[Black "Kazhgaleyev, Murtas"]
[Result "0-1"]
[WhiteElo "2088"]
[BlackElo "2570"]
[PlyCount "53"]
[EventDate "2016.03.28"]
[EventType "team"]
[EventRounds "9"]
[EventCountry "UAE"]
[WhiteTeam "Oman"]
[BlackTeam "Kazakhstan"]

1. e4 c5 2. Nf3 d6 3. d4 cxd4 4. Nxd4 Nf6 5. Nc3 a6 6. Be3 e5 7. Nb3 Be7 8. h3
h5 9. f4 Nbd7 10. Qf3 b5 11. O-O-O b4 12. Nd5 Nxd5 13. exd5 Qc7 14. fxe5 Nxe5
15. Qf2 Bd7 16. Kb1 O-O 17. Be2 Rfb8 18. Bxh5 a5 19. Bf4 g6 20. Rhf1 Be8 21.
Be2 a4 22. Nd4 Ra5 23. Bxe5 dxe5 24. Nc6 Bc5 25. Qf6 Rb6 26. Qxe5 Qd7 27. Nxa5
 0-1

[Event "Asian Nations Cup"]
[Site ""]
[Date "2016.03.28"]
[Round "1"]
[Board "3"]
[White "Dao, Thien Hai"]
[Black "Mehrad, Ahmad Tamim"]
[Result "1-0"]
[WhiteElo "2481"]
[BlackElo "1988"]
[PlyCount "106"]
[EventDate "2016.03.28"]
[EventType "team"]
[EventRounds "9"]
[EventCountry "UAE"]
[WhiteTeam "Vietnam"]
[BlackTeam "Afghanistan"]

1. d4 Nf6 2. c4 e6 3. Nc3 Bb4 4. Bg5 c5 5. d5 h6 6. Bf4 Ne4 7. Be5 Bxc3+ 8.
Bxc3 Nxc3 9. bxc3 d6 10. h4 O-O 11. Qc2 exd5 12. cxd5 Qf6 13. f3 Re8 14. e4 Qe5
15. O-O-O a6 16. Bd3 b5 17. Qd2 c4 18. Bb1 a5 19. Ne2 Na6 20. Qd4 Qe7 21. g4
Bd7 22. Rdg1 b4 23. g5 h5 24. g6 f6 25. Ng3 Reb8 26. Nxh5 bxc3 27. Qxc3 Nc5 28.
Nf4 Na4 29. Qd4 Rb4 30. Bc2 c3 31. Qd1 Rab8 32. Nd3 Nb2 33. Nxb2 Rxb2 34. Qd4
Rxa2 35. Qxc3 Rc8 36. Qb3 Raxc2+ 37. Qxc2 Qe5 38. Qxc8+ Bxc8 39. Kb1 Qc3 40.
Rc1 Qb3+ 41. Ka1 Ba6 42. Rhd1 Kf8 43. Rd2 Qa3+ 44. Kb1 Bd3+ 45. Rxd3 Qxd3+ 46.
Kb2 a4 47. Rc8+ Ke7 48. Rc7+ Ke8 49. Rxg7 Qb3+ 50. Kc1 a3 51. Rg8+ Ke7 52. Ra8
Qb2+ 53. Kd1 a2 1-0

[Event "Asian Nations Cup"]
[Site ""]
[Date "2016.03.28"]
[Round "1"]
[Board "2"]
[White "Alshourfaa, Hazaa"]
[Black "Batchuluun, Tsegmed"]
[Result "0-1"]
[WhiteElo "1808"]
[BlackElo "2460"]
[PlyCount "0"]
[EventDate "2016.03.28"]
[EventType "team"]
[EventRounds "9"]
[EventCountry "UAE"]
[WhiteTeam "Kuwait"]
[BlackTeam "Mongolia"]

1. e4 {[%clk 1:30:44]} e5 {[%clk 1:30:34]} 2. Nc3 {[%clk 1:31:02]} Nf6
{[%clk 1:30:12]} 3. g3 {[%clk 1:29:19]} d5 {[%clk 1:27:11]} 4. exd5
{[%clk 1:28:45]} Nxd5 {[%clk 1:27:35]} 5. Bg2 {[%clk 1:28:55]} Nxc3
{[%clk 1:27:40]} 6. bxc3 {[%clk 1:29:16]} Bd6 {[%clk 1:27:38]} 7. Ne2
{[%clk 1:28:55]} Nd7 {[%clk 1:26:43]} 8. O-O {[%clk 1:28:38]} O-O
{[%clk 1:25:03]} 9. d3 {[%clk 1:27:35]} f5 {[%clk 1:17:45]} 10. f4
{[%clk 1:20:55]} Rb8 {[%clk 1:16:22]} 11. fxe5 {[%clk 1:16:16]} Nxe5
{[%clk 1:16:31]} 12. Nf4 {[%clk 1:12:55]} c6 {[%clk 1:13:47]} 13. Be3
{[%clk 1:03:32]} Qa5 {[%clk 1:09:56]} 14. c4 {[%clk 0:52:00]} Ng4
{[%clk 1:08:51]} 15. Bf2 {[%clk 0:28:22]} Nxf2 {[%clk 0:53:41]} 16. Rxf2
{[%clk 0:27:04]} Qc5 {[%clk 0:46:50]} 17. Qd2 {[%clk 0:23:25]} Bd7
{[%clk 0:45:29]} 18. Raf1 {[%clk 0:21:37]} Rbe8 {[%clk 0:45:11]} 19. Kh1
{[%clk 0:20:21]} Re7 {[%clk 0:41:12]} 20. Re2 {[%clk 0:13:38]} Rxe2
{[%clk 0:39:12]} 21. Nxe2 {[%clk 0:12:12]} Re8 {[%clk 0:39:33]} 22. Nf4
{[%clk 0:11:13]} Qd4 {[%clk 0:35:24]} 23. Qf2 {[%clk 0:02:19]} Qxf2
{[%clk 0:29:41]} 24. Rxf2 {[%clk 0:02:41]} Bxf4 {[%clk 0:29:36]} 25. Rxf4
{[%clk 0:00:54]} Re1+ {[%clk 0:26:02]} 26. Bf1 {[%clk 0:00:48]} Rc1
{[%clk 0:26:07]} 27. Rd4 {[%clk 0:00:36]} Be6 {[%clk 0:23:41]} 28. Kg2
{[%clk 0:00:39]} Rxc2+ {[%clk 0:23:57]} 29. Kf3 {[%clk 0:01:08]} Kf7
{[%clk 0:23:18]} 30. h4 {[%clk 0:01:10]} Ke7 {[%clk 0:23:15]} 31. Be2
{[%clk 0:00:33]} c5 {[%clk 0:23:25]} 32. Rf4 {[%clk 0:00:35]} Rxa2
{[%clk 0:23:47]} 33. Ke3 {[%clk 0:00:33]} a5 {[%clk 0:23:35]} 34. g4
{[%clk 0:00:36]} g6 {[%clk 0:23:31]} 35. gxf5 {[%clk 0:00:31]} Bxf5
{[%clk 0:23:17]} 36. Bf3 {[%clk 0:00:38]} b6 {[%clk 0:23:33]} 37. Bg4
{[%clk 0:00:35]} Bxg4 {[%clk 0:23:46]} 38. Rxg4 {[%clk 0:01:01]} Rh2
{[%clk 0:24:01]} 39. Re4+ {[%clk 0:00:31]} Kd6 {[%clk 0:24:22]} 40. Rf4
{[%clk 0:00:32]} h5 {[%clk 0:17:30]} 41. Rf6+ {[%clk 0:00:36]} Kc7
{[%clk 0:17:54]} 42. Rf4 {[%clk 0:30:44]} Kb7 {[%clk 0:48:37]} 43. Ke4
{[%clk 0:30:22]} Rh3 {[%clk 0:47:16]} 44. Rf7+ {[%clk 0:28:48]} Ka6
{[%clk 0:47:43]} 45. Kd5 {[%clk 0:28:21]} Rxd3+ {[%clk 0:48:02]} 46. Kc6
{[%clk 0:28:33]} a4 {[%clk 0:48:25]} 47. Rf8 {[%clk 0:23:51]} Ka5
{[%clk 0:48:38]} 48. Ra8+ {[%clk 0:21:00]} Kb4 {[%clk 0:49:04]} 49. Kxb6
{[%clk 0:20:56]} a3 {[%clk 0:49:29]} 0-1

[Event "Asian Nations Cup"]
[Site ""]
[Date "2016.03.28"]
[Round "1"]
[Board "4"]
[White "Baidya, Arun Shankar"]
[Black "Khouri, Ahmed Abbas"]
[Result "0-1"]
[WhiteElo "1719"]
[BlackElo "2062"]
[PlyCount "0"]
[EventDate "2016.03.28"]
[EventType "team"]
[EventRounds "9"]
[EventCountry "UAE"]
[WhiteTeam "Nepal"]
[BlackTeam "UAE - 1"]

1. e4 c5 2. Nf3 e6 3. d4 cxd4 4. Nxd4 a6 5. Be3 Qc7 6. Qd2 Nf6 7. f3 d5 8. Bd3
Bd6 9. g4 dxe4 10. Bxe4 Nxe4 11. fxe4 Nd7 12. Nc3 Bb4 13. Nde2 Nf6 14. Qd4 Bxc3+
15. Nxc3 e5 16. Qd2 Bxg4 17. Rg1 Rd8 18. Qf2 Qc4 19. h3 Bh5 20. Rxg7 Nxe4 21. Qf5
Nxc3 22. Qxe5+ Qe6 23. Qxc3 Rc8 24. Qd4 Rc4 25. Qd2 Qxh3 26. Qd3 Qh4+ 27. Bf2
Re4+ 28. Kf1 Qh1+ 29. Rg1 Be2+ 30. Qxe2 Qh3+ 31. Ke1 Qf3 32. Qxe4+ Qxe4+ 33. Kd2
Qb4+ 34. Kd3 Kd7 35. a3 Qb5+ 36. Kd2 Qd5+ 37. Kc1 Qf3 38. Rd1+ Kc6 39. Bd4 Rd8
40. c3 Rg8 41. Kc2 Rg2+ 42. Kb3 b5 43. Rac1 f5 44. a4 Qe2 45. c4 Rg3+ 46. Kb4
Qe7+ 47. c5 a5+ 48. Kxa5 Qa7+ 49. Rb1 {[%clk 0:57:26]} 0-1